Statistics for Gossip Girl Guess The Character's Name

Click here to take the quiz!

General Stats

  • This quiz has been taken 322 times
  • The average score is 9 of 19

Answer Stats

Actors NameCharacters Name% Correct
Ed WestwickChuck Bass
96%
Leighton MeesterBlair Waldorf
95%
Chace CrawfordNate Archibald
89%
Penn BadgleyDan Humphrey
87%
Taylor MomsenJenny Humphrey
84%
Matthew SettleRufus Humphrey
63%
Michelle TrachtenbergGeorgina Sparks
50%
Jessica SzohrVanessa Abrams
49%
Kelly RutherfordLily Bass
45%
Zuzanna SzadkowskiDorota
42%
Blake LivelySerena Van Der Woodson
41%
Robert John BurkeBart Bass
32%
Connor PaoloEric Van Der Woodson
26%
Margaret ColinEleanor Waldorf
25%
Kristen BellGossip Girl Voice
24%
Sebastian StanCarter Baizen
24%
Kaylee DeFerIvy Dickens
21%
Wallace ShawnCyrus Rose
15%
Ella Rae PeckLola Rhodes
9%

Score Distribution

Percentile by Number Answered

Percent of People with Each Score

Your Score History

You have not taken this quiz